Tajemství klášterní zříceniny /

Hlavní autor: Velden, Irene von
Další autoři: Parkmanová, Ivana
Jazyk: Čeština
Vydáno: Praha : I. Železný, 1993
Vydání: 1.vyd.
Edice: Knihovnička Večerů pod lampou
Na výsluní
Fyzický popis: 58 s.
Knihy
Uloženo v:
LEADER 00992nam a2200301 a 4500
001 000012039
003 CZ BrMZK
005 19930818143423.0
007 ta
008 930415s1993 xr f cze d
020 |a 80-7116-886-6  |c 9.90 
040 |a BOA001  |b cze 
080 |a 82-312.5=850  |2 MRF 
100 1 |a Velden, Irene von  |7 jx20031204026 
245 1 0 |a Tajemství klášterní zříceniny /  |c Irene von Veldenová : Z něm. orig. přel. Ivana Parkmanová 
250 |a 1.vyd. 
260 |a Praha :  |b I. Železný,  |c 1993 
300 |a 58 s. 
490 1 |a Knihovnička Večerů pod lampou ;  |v 369 
490 1 |a Na výsluní ;  |v 42 (14/93) 
700 1 |a Parkmanová, Ivana  |7 jx20031205009 
765 0 |t <<Die >>Klosterruine war ihr Schicksal 
830 0 |a Knihovnička Večerů pod lampou 
830 0 |a Na výsluní 
910 |a BOA001  |b 1-0988.549 
962 |a 82-31 
990 |a BK 
996 6 |b 2610000398  |c 1-0988.549  |l MZK  |r Sklad / do 1 hodiny  |n 3  |p p.v.  |w 000012039  |u 000010  |a 1  |e BOA001  |j MZK50  |s P